000 00843nac a22002777a 4500
001 BR2010001072
003 BR-BrBNA
005 20240105123812.0
008 230509b bl.|||m| |||| 00| 0 por d
040 _aBR-BrBNA
_bpor
_cBiblioteca Nacional de Agricultura
072 _aN20
090 _a4500 BR2010001072
100 1 _aPortella, J.A.
110 1 _aEMBRAPA Trigo, Passo Fundo, RS (Brasil)
_93754
245 1 _aColhedoras para trigo, mecanismos, regulagens, perdas
260 3 _aPasso Fundo, RS (Brasil):
_c1998.
300 _a52 p.
490 _aDocumentos - EMBRAPA Trigo (Brazil)
_vno. 47
_xISSN 0101-6644
500 _a32 illus.; 13 ref.
650 _aCOLHEITADEIRA
650 _aMÁQUINA AGRÍCOLA
650 _aTRIGO
650 _aCOLHEITA
909 _a202312
_bLúcia Elande
_c55
_dLúcia Elande
942 _2AGRIS
_n0
_cMS
999 _c297056
_d297056